| 000 | 00555nam a22001457a 4500 | ||
|---|---|---|---|
| 020 | _a978-0-689-87335-5 | ||
| 082 |
_a823 _bKEE/N |
||
| 100 | _aKEENE, CAROLYN | ||
| 245 | _aNANCY DREW - RIVERBOAT RUSE | ||
| 260 |
_aNEW YORK _bALADDIN PAPERBACKS _c2005 |
||
| 300 | _a152 | ||
| 520 | _aRiverboat Ruse by Carolyn Keene is about Nancy Drew and her friends who try to solve a mystery that takes place on a ship. A very wealthy woman's valuable necklace is stolen and Nancy Drew tries to find out who did it. | ||
| 650 |
_aDETECTIVE _zUNITED STATES |
||
| 942 | _cBK | ||
| 999 |
_c7862 _d7862 |
||